| 000 -CABECERA |
| Longitud fija campo de control |
00933nam a2200229 a 4500 |
| 001 - NÚMERO DE CONTROL |
| Número de control |
4380 |
| 003 - IDENTIFICADOR DEL NÚMERO DE CONTROL |
| Identificador del número de control |
CDMR |
| 005 - FECHA Y HORA DE LA ÚLTIMA TRANSACCIÓN |
| Fecha y hora de la última transacción |
20131126163152.0 |
| 008 - CÓDIGOS DE INFORMACIÓN DE LONGITUD FIJA |
| Códigos de información de longitud fija |
130130s2004||||||||||||||||||||||||||||d |
| 020 ## - NÚMERO INTERNACIONAL NORMALIZADO PARA LIBROS |
| Número Internacional Normalizado para Libros (ISBN) |
9223155541 (versió impresa) |
| 020 ## - NÚMERO INTERNACIONAL NORMALIZADO PARA LIBROS |
| Número Internacional Normalizado para Libros (ISBN) |
922315555X (versió PDF) |
| 040 ## - FUENTE DE LA CATALOGACIÓN |
| Centro catalogador de origen |
CDMR |
| Lengua de catalogación |
cat |
| Centro transcriptor |
CDMR |
| 245 #3 - MENCIÓN DE TÍTULO |
| Título |
El futuro del trabajo y de la calidad en la sociedad de la información |
| Resto del título |
: el sector de los medios de comunicación, la cultura y las industrias gráficas |
| 260 ## - PUBLICACIÓN, DISTRIBUCIÓN, ETC. (PIE DE IMPRENTA) |
| Lugar de publicación, distribución, etc. |
Ginebra |
| Fecha de publicación, distribución, etc. |
2004 |
| Nombre del editor, distribuidor, etc. |
Oficina Internacional del Trabajo |
| 300 ## - DESCRIPCIÓN FÍSICA |
| Extensión |
125 p. |
| Dimensiones |
30 cm |
| 650 04 - PUNTO DE ACCESO ADICIONAL DE MATERIA - TÉRMINO DE MATERIA |
| 9 (RLIN) |
3156 |
| Término de materia o nombre geográfico como elemento inicial |
Societat de la informació |
| 650 04 - PUNTO DE ACCESO ADICIONAL DE MATERIA - TÉRMINO DE MATERIA |
| 9 (RLIN) |
3792 |
| Término de materia o nombre geográfico como elemento inicial |
Mercat de treball |
| 650 04 - PUNTO DE ACCESO ADICIONAL DE MATERIA - TÉRMINO DE MATERIA |
| 9 (RLIN) |
3178 |
| Término de materia o nombre geográfico como elemento inicial |
Mitjans de comunicació de massa |
| Subdivisión de materia general |
Aspectes econòmics |
| 650 04 - PUNTO DE ACCESO ADICIONAL DE MATERIA - TÉRMINO DE MATERIA |
| 9 (RLIN) |
4171 |
| Término de materia o nombre geográfico como elemento inicial |
Indústries culturals |
| 856 40 - LOCALIZACIÓN Y ACCESO ELECTRÓNICO |
| Identificador Uniforme del Recurso (URI) |
<a href="http://www.ilo.org/wcmsp5/groups/public/---dgreports/---dcomm/documents/meetingdocument/kd00064es.pdf">http://www.ilo.org/wcmsp5/groups/public/---dgreports/---dcomm/documents/meetingdocument/kd00064es.pdf</a> |
| Texto del enlace |
Disponible en línia (PDF) |
| 942 ## - ENTRADA DE ELEMENTOS AGREGADOS (KOHA) |
| Koha [por defecto] tipo de item |
Monografies |
| Fuente de clasificaión o esquema |
|